000 01419nam0a2200373 i 4500
001 RU\NLR\BIBL_A\010545251
005 20260409080806.0
010 _a9785990208391
_bВ пер.
_910000
021 _aRU
_b2014-72371
_94434
035 _a(NILC)RuMoRGB-007563247
035 _a(NLR Aleph) 010545251
090 _a10313169
_c10313169
100 _a20141127d2014 km y0rusy50 ca
101 1 _arus
_ceng
102 _aRU
105 _aa|||w|||001yy
200 1 _aИллюстрированная Библия для школьников
_e[для семейного чтения]
_fв пересказе Луиса Рока
_g[пер. с англ. О. Антоновой]
_gил. Кристины Балит
210 _aМосква
_cЦентр Нарния
_d2014
215 _a223, [1] с.
_cцв. ил.
_d25
320 _aАлф. указ. имен: с. 220-224
500 _aБиблия
_lПереработки
_3RU\NLR\AUTH\559299
_92631318
605 _aБиблия
_jИздания для детей
_9925493
_3RU\NLR\AUTH\6621240
675 _a087.5:27-24
686 0 _aШ9
_bЭ
702 1 _aРок
_bЛ.
_gЛуис
_4010
702 1 _aБалит
_bК.
_gКристина
_4440
801 0 _aRU
_bRuMoRKP
_c20081024
_gRCR
801 2 _aRU
_bРГБ
_c20141007
_grcr
942 _cBOOK
980 _aNBR